Sociologie pro novináře

Gespeichert in:
Bibliographische Detailangaben
1. Verfasser: Filipec, J.
Format: Buch
Sprache:Tschechisch
Veröffentlicht: Praha Novinář 1987
Ausgabe:1. vyd.
Schriftenreihe:Knihovnička novináře Sv.41
Tags: Tag hinzufügen
Keine Tags, Fügen Sie das erste Tag hinzu!

MARC

LEADER 00000nam a2200000 4500
001 c028484
005 20221219103418.0
041 0 |a cze 
044 |a CZ 
245 1 0 |a Sociologie pro novináře  |c J. Filipec a kol. 
250 |a 1. vyd. 
264 1 |a Praha  |b Novinář  |c 1987 
300 |a 166 s. 
490 1 |a Knihovnička novináře  |v Sv.41 
830 0 |a Knihovnička novináře  |v Sv.41 
100 1 |a Filipec, J.